000 01195nam a22002297a 4500
999 _c63308
_d63308
003 Ge_BSU
005 20250801122729.0
008 250801s2015 ge ||||| |||| 00| 0 geo d
020 _a9789941205477
041 _ageo
080 _a663.2(075.8) ბ-33
100 _aბაღათურია, ნუგზარ
_925732
245 _aენოლოგია :ღვინის წარმოქმნა და დავარგება :
_b[მონოგრაფია] /
_cნუგზარ ბაღათურია ; რედ.ნ. სუხიტაშვილი
264 _aთბილისი :
_b ტექნ. უნ-ტი,
_c 2015.
300 _a372 გვ. :
_bსურ., ცხრ. ;
_c 29 სმ.
504 _aბიბლიოგრ.: გვ. 371
653 _aენოლოგია -- სახელმძღვანელოები უმაღლესი სასწავლებლებისათვის.
653 _aსოფლის მეურნეობა
700 _aსუხიტაშვილი, ნ.
_eრედაქტორი
_925733
773 _tნაჩუქარი
942 _2udc
_cᲬᲘᲒᲜᲘ